Lietuvos metrika

Titel: Lietuvos metrika = Lithuanian metrica = Litovskaja metrika / Lietuvos Istorijos Institutas
Teil: 52
Užrašymu̜ knyga = Book of inscriptions
52. (1569 - 1570)
Körperschaft:
Veröffentlicht: Vilnius : Mokslo ir Enciklopediju̜ leidykla, 2004
Umfang: 224 S.
Format: Buch
Sprache: Polnisch
Schriftenreihe/
mehrbändiges Werk:
Lietuvos metrika / Lietuvos Istorijos Institutas ; 52 : Užrašymu̜ knyga ; 52
alle Bände anzeigen
ISBN: 9986341264
Buchumschlag
X
Lokale Klassifikation: 45 12 F ; 45 5 E
alg: 17892182
001A    $00077:19-06-06 
001B    $01999:26-05-23 $t21:22:03.000 
001C    $03004:23-01-13 $t14:08:01.000 
001D    $00077:19-06-06 
001U    $0utf8 
001X    $00 
002@    $0Afu 
003@    $0178921823 
003O    $0614912536 $aOCoLC 
004A    $09986-34-126-4 
007A    $0178921823 $aHEB 
007G    $0DE02027E8330001BCBCC0C1257AFC004D444F 
007T    $0Herde13092+52 
009P    $qapplication/pdf $A2 $3Inhaltsverzeichnis $uhttp://scans.hebis.de/HEBCGI/show.pl?17892182_toc.pdf $mV:DE-603;B:DE-Mb50 
010@    $apol 
011@    $a2004 
021A    $a(1569 - 1570) 
027A    $aUžrašymu̜ knyga 
027A/01 $aBook of inscriptions 
029F    $RInstitut istorii $RLietuvos Mokslu̜ Akademija $#Institut istorii Litvy $#Institute of Lithuanian History $#Institutum Historicum Lituanum $#Lietuviųu Istorijos Institutas $#Lietuvos Mokslų Akademija, Lietuvos Istorijos Institutas $#Lietuvos Mokslų Akademija, Institute of Lithuanian History $#Lietuvos Mokslų Akademija, Institut istorii Litvy $#Lithuanian Institute of History $#LLI $#Институт истории Литвы $73015195-8 $8Lietuvos Istorijos Institutas [Tb1] $9044065353 
033A    $pVilnius $nMokslo ir Enciklopediju̜ leidykla 
034D    $a224 S. 
036C    $aLietuvos metrika $fLithuanian metrica $fLitovskaja metrika $x252 $hLietuvos Istorijos Institutas $l52 
036C/01 $aUžrašymu̜ knyga $fBook of inscriptions $fKniga zapisej $l52 
036D    $x252 $8Lietuvos metrika / Lietuvos Istorijos Institutas $9032171773 
045F    $a340.09 $eDDC23BSB 
045F/01 $a340.09 
045F/03 $f0903 
045F/03 $f09041 
045F/03 $g4793 
045G    $a900.947930903 $eDDC23BSB 
045G/01 $a900 
045G/03 $f0903 
045G/03 $f09041 
045G/03 $f09031 
045G/03 $f09032 
045G/03 $g4793 
045G/03 $g4382 
045G/03 $g43832 
046B    $aParallelt.: Book of inscriptions 

lok: 17892182 24
101B    $010-01-13 $t16:41:00.000 
101C    $010-01-13 
101U    $0utf8 
145Z/01 $a45 12 F 
145Z/02 $a45 5 E 

exp: 17892182 24 1 #EPN
201B/01 $010-01-13 $t16:41:00.000 
201C/01 $010-01-13 
201U/01 $0utf8 
203@/01 $0660375184 
208@/01 $a10-01-13 $bz 
209A/01 $a12.09345 $du $f050 $h12 09345 $x00 
209C/01 $a12.09345 T $h12 09345 T 
209G/01 $a73145619 $x00 
220C/01 $amar 
247C/01 $8358050-7 Marburg, Bibliothek des Herder-Instituts Marburg $9102600961 

lok: 17892182 25

exp: 17892182 25 1 #EPN
201B/01 $011-12-25 $t13:33:17.000 
201C/01 $019-06-06 
201U/01 $0utf8 
203@/01 $0408906766 
208@/01 $a19-06-06 $bzis 
209A/01 $aTLTda 700 / 52 $dd $f092 $x00 
209C/01 $a144/06 
209G/01 $a76055256 $x00 
209G/01 $aOsteuropäische Geschichte $x01 
247C/01 $8651092-9 <77/092>Mainz, Universität Mainz, Bereichsbibliothek Philosophicum, Standort Osteuropäische Geschichte $9102600414 

lok: 17892182 78

exp: 17892182 78 1 #EPN
201B/01 $016-12-16 $t16:45:55.000 
201U/01 $0utf8 
203@/01 $0796918201 
208@/01 $a16-12-16 $be 
209A/01 $a/ $f000 $x00 
220C/01 $aTitelaufnehmer: it 
220C/01 $aHerkunft: LII Vilnius / Irena Tumelytė 
237A/01 $aeng. Res. 
244Z/01 $2Trx $#Litauen $#Lithuania $#Litwa $#Litva $#Litva $8--Trx--Lietuva $x01 $9391193457 
244Z/01 $2Trx $#Prusy Wschodnie i Zachodnie $8--Trx--Ost- und Westpreußen $x02 $939113373X 
244Z/01 $aGeschichte 1569-1570 $x03 
244Z/01 $alietuvos metrika $x04 
244Z/01 $2Trx $8--Trx--Monographie $x05 $9391384546 
245Z/01 $a03.03.02 $x01 
247C/01 $82080>Marburg/Lahn, Herder-Institut, Forschungsbibliothek, Bibliographieportal $9336309341
LEADER 00000cam a2200000 cc4500
001 178921823
003 DE-603
005 20230526212203.0
007 tu
008 060619s2004 xx |||| | u00||u|pol c
020 |a 9986341264 
035 |a (DE-599)HEB178921823 
035 |a (OCoLC)614912536 
040 |a DE-603  |b ger  |c DE-603  |d DE-603 
041 |a pol 
082 0 4 |8 1\u  |a 340.09  |q DE-101  |2 23/BSB 
083 0 |8 2\u  |a 900.947930903  |q DE-101  |2 23/BSB 
085 |8 1\u  |b 340.09 
085 |8 1\u  |z 1  |s 0903 
085 |8 1\u  |z 1  |s 09041 
085 |8 1\u  |z 2  |s 4793 
085 |8 2\u  |b 900 
085 |8 2\u  |z 1  |s 0903 
085 |8 2\u  |z 1  |s 09041 
085 |8 2\u  |z 1  |s 09031 
085 |8 2\u  |z 1  |s 09032 
085 |8 2\u  |z 2  |s 4793 
085 |8 2\u  |z 2  |s 4382 
085 |8 2\u  |z 2  |s 43832 
245 0 0 |a Lietuvos metrika  |b = Lithuanian metrica = Litovskaja metrika  |n 52  |n [...]  |p Užrašymu̜ knyga = Book of inscriptions  |n 52  |p (1569 - 1570)  |c Lietuvos Istorijos Institutas 
246 0 1 |i Parallelt.  |a Book of inscriptions 
246 1 3 |a Užrašymu̜ knyga 
246 1 3 |a Book of inscriptions 
264 1 |a Vilnius  |b Mokslo ir Enciklopediju̜ leidykla  |c 2004 
300 |a 224 S. 
710 2 |a Lietuvos Istorijos Institutas  |0 (DE-603)044065353  |0 (DE-588)3015195-8  |2 gnd 
773 0 8 |q 252  |w (DE-603)032171773 
856 4 2 |m V:DE-603;B:DE-Mb50  |q application/pdf  |u http://scans.hebis.de/HEBCGI/show.pl?17892182_toc.pdf  |3 Inhaltsverzeichnis 
924 0 |9 Mb 50  |a (DE-603)660375184  |b DE-Mb50  |c HES  |d c  |g 12.09345 
924 0 |9 77/092  |a (DE-603)408906766  |b DE-77-092  |c HES  |d d  |g TLTda 700 / 52 
924 0 |9 2080  |a (DE-603)796918201  |b DE-2080  |c HES  |d d  |g /